000 00277nam a22001217a 4500
008 171002b xxu||||| |||| 00| 0 eng d
041 _aeng
080 _a37
100 _a47
101 _aEDU
245 _aACREDDITATION IN TEACHER EDUCATION
_cMAYOR.J.R
942 _2udc
_cBK
999 _c31054
_d31054